000 00869cam a22002175a 4500
001 L140553
008 070927s1838 xxk eng u
035 _a(Sirsi) u140553
041 0 _aeng
110 2 _aGeorge Robins
245 0 0 _aStrand on the Green, Wadhurst Castle and Barham House at the Mart 28 August 1838
260 _aS.l.
_s.n.
_c1838
300 _a1 v.
_bill., maps
_c37 cm.
351 _cSingle item
500 _aCollection of sales particulars bound together with notes and interleaved. Properties were all sold by George Robins at the Auction Mart in London 28 August 1838.
500 _aTitle is from cover and is handwritten.
500 _aItem is in a fragile condition and the cover is detached.
651 4 _aGreat Britain
_y1707-
690 _aPROPERTY-PROPERTY ACQUISITION AND DISPOSAL-ACQUISITION AND DISPOSAL AT AUCTION
942 _n0
999 _c116352
_d116352